A Árvore dos rebuçados (Registo nº 6109)

Detalhes MARC
000 -Etiqueta do registo
Valores 01477nam a2200277 4500
010 ## - Número ISBN
ISBN 9789892348094
021 ## - Número do Depósito Legal
Número 467723/20
100 ## - Dados gerais de processamento
Dados gerais 20260121d2020 c||y0pory50030103ba
200 1# - Titulo e menção de responsabilidade
Título próprio A Árvore dos rebuçados
Primeira menção de responsabilidade Rosário Alçada Araújo
Outras menções de responsabilidade il. Sandra Serra
205 ## - Menção da edição
Edição 7ª ed
210 #9 - Publicação
Local de publicação Alfragide
Nome do editor ASA
Data de publicação 2020
215 ## - Descrição física 
Paginação / Volumes 32, [5] p.
Outras indicações físicas muito il.
Dimensões 25 cm
225 2# - Colecção 
Título próprio da colecção Vira a página
330 ## - Sumário ou Resumo
Texto da nota Tudo começa com um castigo. E com a chegada da árvore dos rebuçados ao jardim do Sebastião. O rapaz fica maravilhado e aproxima-se para recolher um rebuçado, já sonhando que no futuro terá quantos quiser.<br/>Mas a realidade não será assim tão simples. É que a árvore é mágica não só por dar rebuçados, mas também por ter o poder de falar. E mais: ao conversar com Sebastião, a árvore dos rebuçados lança-lhe um desafio inesperado - os Jogos Olímpicos da Vida Saudável -, que vai pôr à prova a sua capacidade de arriscar e de perseverar.<br/>Estará este herói preparado para as provas que aí vêm?
606 ## - Nome comum usado como assunto
ID Autoridade 14
Palavra de ordem Literatura infantil
606 ## - Nome comum usado como assunto
ID Autoridade 15
Palavra de ordem Literatura Portuguesa
675 ## - CDU
Notação 82-93
Edição BN
Língua por
675 ## - CDU
Notação 821.134.3
Edição BN
Língua por
700 ## - Autor principal (pessoa individual)
Apelido Araújo
Nome Rosário Alçada
Datas 1973-
ID Autoridade 164
701 ## - Co-autor principal (pessoa individual)
Apelido Serra
Nome Sandra
Datas 1968-
ID Autoridade 906
801 #0 - Fonte de origem
País PT
Agência BMVN
Regras de catalogação RPC
830 ## - Notas gerais do catalogador
Criado por Ana Caetano
Data de criação 21/01/2026
856 41 - Localização e acesso electrónico 
URL <a href="http://rnod.bnportugal.gov.pt/ImagesBN/winlibimg.aspx?skey=&doc=2065535&img=148929&save=true">http://rnod.bnportugal.gov.pt/ImagesBN/winlibimg.aspx?skey=&doc=2065535&img=148929&save=true</a>
990 ## - Elementos KOHA
Tipo de documento Livro
Exemplares
Situação do levantamento Biblioteca de origem Código de barras Cota Permissão de empréstimo Forma de aquisição
  Biblioteca Escola Nº2 Vendas Novas 100000006765 LI POR/ARA    

Powered by Koha